[Event "Calgary AB op"]
[Site "Calgary"]
[Date "2004.10.09"]
[Round "2"]
[White "Kaminski, Richard"]
[Black "Pivovarov, Juraj"]
[Result "0-1"]
[WhiteElo "1354"]
[BlackElo "1639"]
[PlyCount "74"]
[EventDate "2004.10.??"]
[EventType "swiss"]
[EventRounds "6"]
[EventCountry "CAN"]
[SourceTitle "EXT 2006"]
[Source "ChessBase"]
[SourceDate "2005.11.24"]
[SourceVersion "1"]
[SourceVersionDate "2005.11.24"]
[SourceQuality "1"]

1. d4 Nf6 2. c4 g6 3. Nc3 d5 4. e3 Bg7 5. Nf3 0-0 6. Bd3 c5 7. dxc5 Qa5 8. 0-0 dxc4 9. Bxc4 Qxc5 10. Qb3 a6 11. Na4 Qc7 12. Nb6 Ra7 13. Bd2 Nc6 14. Rac1 Ne4 15. Nd5 Nxd2 16. Nxd2 Qe5 17. Rc3 b5 18. Nf3 Qd6 19. Rd1 Na5 20. Nf4 Nxb3 21. Rxd6 bxc4 22. axb3 Bxc3 23. Rc6 Rd8 24. h3 Bxb2 25. Rxc4 Rb7 26. b4 Ba3 27. Rc6 Rxb4 28. Nd5 Rb1+ 29. Kh2 Bd6+ 30. g3 Bb7 31. Rxd6 Rxd6 32. Nc3 Bxf3 33. Nxb1 Rd1 34. g4 Rxb1 35. Kg3 Bc6 36. f3 a5 37. Kf4 f6 0-1